<?xml version="1.0" encoding="UTF-8"?>
<record
    xmlns:xsi="http://www.w3.org/2001/XMLSchema-instance"
    xsi:schemaLocation="http://www.loc.gov/MARC21/slim http://www.loc.gov/standards/marcxml/schema/MARC21slim.xsd"
    xmlns="http://www.loc.gov/MARC21/slim">

  <leader>00880nam a22002651i 4500</leader>
  <controlfield tag="001">120612</controlfield>
  <controlfield tag="003">ES-MaBCM</controlfield>
  <controlfield tag="005">20241016143554.0</controlfield>
  <controlfield tag="008">051221s1966    esp                 spa</controlfield>
  <datafield tag="017" ind1=" " ind2=" ">
    <subfield code="a">M.1953-1966</subfield>
  </datafield>
  <datafield tag="021" ind1=" " ind2=" ">
    <subfield code="a">xx</subfield>
  </datafield>
  <datafield tag="035" ind1=" " ind2=" ">
    <subfield code="a">(OCoLC)1350264127</subfield>
  </datafield>
  <datafield tag="040" ind1=" " ind2=" ">
    <subfield code="c">ES-MaBCM</subfield>
  </datafield>
  <datafield tag="041" ind1="0" ind2=" ">
    <subfield code="a">spa</subfield>
  </datafield>
  <datafield tag="100" ind1="1" ind2=" ">
    <subfield code="a">G&#xF3;mez Molleda, Mar&#xED;a Dolores</subfield>
    <subfield code="9">19353</subfield>
  </datafield>
  <datafield tag="245" ind1="1" ind2="4">
    <subfield code="a">Los reformadores de la Espa&#xF1;a contempor&#xE1;nea</subfield>
    <subfield code="c">M&#xAA; Dolores G&#xF3;mez Molleda ; pr&#xF3;logo de Vicente Palacio Atard</subfield>
  </datafield>
  <datafield tag="260" ind1=" " ind2=" ">
    <subfield code="a">Madrid :</subfield>
    <subfield code="b">Escuela de Historia Moderna,</subfield>
    <subfield code="c">1966</subfield>
  </datafield>
  <datafield tag="300" ind1=" " ind2=" ">
    <subfield code="a">XXXI, 522 p., 12 h. con l&#xE1;m.</subfield>
    <subfield code="c">25 cm</subfield>
  </datafield>
  <datafield tag="490" ind1="0" ind2=" ">
    <subfield code="a">Historia de Espa&#xF1;a en el mundo moderno. Estudios ;</subfield>
    <subfield code="9">108554</subfield>
    <subfield code="v">2</subfield>
  </datafield>
  <datafield tag="650" ind1=" " ind2="7">
    <subfield code="a">Cambio social</subfield>
    <subfield code="9">57802</subfield>
  </datafield>
  <datafield tag="650" ind1="2" ind2="7">
    <subfield code="a">Cambio de r&#xE9;gimen pol&#xED;tico</subfield>
    <subfield code="9">57801</subfield>
  </datafield>
  <datafield tag="651" ind1="2" ind2="4">
    <subfield code="a">Espa&#xF1;a</subfield>
    <subfield code="9">115342</subfield>
  </datafield>
  <datafield tag="710" ind1="2" ind2=" ">
    <subfield code="a">Escuela de Historia Moderna (Madrid)</subfield>
    <subfield code="9">62975</subfield>
  </datafield>
  <datafield tag="942" ind1=" " ind2=" ">
    <subfield code="c">BK</subfield>
  </datafield>
  <datafield tag="999" ind1=" " ind2=" ">
    <subfield code="c">120612</subfield>
    <subfield code="d">120612</subfield>
  </datafield>
  <datafield tag="952" ind1=" " ind2=" ">
    <subfield code="0">0</subfield>
    <subfield code="1">0</subfield>
    <subfield code="2">CDU</subfield>
    <subfield code="4">0</subfield>
    <subfield code="7">0</subfield>
    <subfield code="a">BC</subfield>
    <subfield code="b">BC</subfield>
    <subfield code="c">SALA</subfield>
    <subfield code="d">2005-12-21</subfield>
    <subfield code="i">6064</subfield>
    <subfield code="k">6064</subfield>
    <subfield code="l">0</subfield>
    <subfield code="o">6139</subfield>
    <subfield code="p">1033164</subfield>
    <subfield code="w">2005-12-21</subfield>
    <subfield code="y">BK</subfield>
  </datafield>
</record>
